Statistics for Countries Whose Names and Demonyms Start with Different Letters

Click here to take the quiz!

General Stats

  • This quiz has been taken 103 times
    (53 since last reset)
  • The average score is 9 of 17

Answer Stats

ContinentCountry: Demonym% Correct
North AmericaUnited States: American
88%
EuropeNetherlands: Dutch
76%
EuropeUnited Kingdom: British
73%
OceaniaKiribati: I-Kiribati
64%
AsiaUnited Arab Emirates: Emirian/Emirati
61%
AfricaDemocratic Republic of the Congo: Congolese
52%
AsiaPhilippines: Filipino
52%
AfricaRepublic of the Congo: Congolese
52%
North AmericaSaint Kitts and Nevis: Kittian/Nevisian
52%
OceaniaFederated States of Micronesia: Micronesian
48%
North AmericaSaint Vincent and the Grenadines: Vincentian
48%
OceaniaVanuatu: Ni-Vanuatu
48%
North AmericaEl Salvador: Salvadoran
39%
AfricaEswatini: Swazi
39%
AfricaLesotho: Mosotho/Basotho
39%
AsiaMyanmar: Burmese
39%
AfricaBotswana: Matswana/Batswana
24%

Score Distribution

Percentile by Number Answered

Percent of People with Each Score

Your Score History

You have not taken this quiz since the last reset